| 000 | 005890000a22001090004500 | ||
|---|---|---|---|
| 100 | 1 | _aPautassi, María Alejandra | |
| 245 | 1 | 0 | _aEl vuelo de La Cometa |
| 300 | _aVol.0, núm.22 (Julio, 2007), Páginas 32-33 | ||
| 520 | _aLa nueva galería La Cometa se inaugurará el próximo 26 de julio con una muestra del artista Julio Le Parc. Es uno de los espacios más deslumbrantes para exhibir arte en Bogotá y en Latinoamérica, y uno de los primeros en el país construido especialmente para la exhibición de obras de arte. | ||
| 773 | 0 | _tArcadia / Andrés Felipe Solano, Editor | |
| 942 | _cANA | ||
| 999 |
_c62280 _d62280 |
||